Southville International School and Colleges
Your cart is empty.
  • Cart
  • Lists
    Public lists Eva Luna New books Lux_list list_1
    Your lists Log in to create your own lists
  • Log in to your account
  • Your cookies
  • Search history
Southville International School and Colleges
  • Advanced search
  • Recent comments
  • Most popular
  • Libraries

Log in to your account

Log in with GOOGLE


If you do not have an external account, but do have a local account, you can still log in:

  1. Home
  2. MARC view: The age of the dictators :
Normal view MARC view ISBD view

The age of the dictators : (Record no. 2349)

[ view plain ]
MARC details
000 -LEADER
fixed length control field 00592nam a22001937a 4500
003 - CONTROL NUMBER IDENTIFIER
control field UUm
005 - DATE AND TIME OF LATEST TRANSACTION
control field 20151014154235.0
008 - FIXED-LENGTH DATA ELEMENTS--GENERAL INFORMATION
fixed length control field 130311t xxu||||| |||| 00| 0 eng d
020 ## - INTERNATIONAL STANDARD BOOK NUMBER
International Standard Book Number 9780582505803 (pbk.)
050 ## - LIBRARY OF CONGRESS CALL NUMBER
Classification number D 727
Item number .W729 2007
082 ## - DEWEY DECIMAL CLASSIFICATION NUMBER
Classification number IB 920
Item number W67 2007
100 ## - MAIN ENTRY--PERSONAL NAME
Personal name Williamson, David G.
245 ## - TITLE STATEMENT
Title The age of the dictators :
Remainder of title a study of the European dictatorships, 1918-53 /
Statement of responsibility, etc David G. Williamson.
260 ## - PUBLICATION, DISTRIBUTION, ETC. (IMPRINT)
Place of publication, distribution, etc Harlow ; New York
Name of publisher, distributor, etc Pearson Longman,
Date of publication, distribution, etc 2007.
300 ## - PHYSICAL DESCRIPTION
Extent xxviii, 524 p. :
Other physical details ill., maps ;
Dimensions 24 cm.
942 ## - ADDED ENTRY ELEMENTS (KOHA)
Source of classification or shelving scheme Library of Congress Classification
Koha item type Books
Holdings
Withdrawn status Lost status Source of classification or shelving scheme Damaged status Home library Current library Shelving location Date acquired Total Checkouts Full call number Barcode Date last seen Copy number Price effective from Koha item type Date checked out
    Library of Congress Classification   Luxembourg Library Luxembourg Library International Baccalaureate Section 03/11/2013   D 727 .W729 2007 17511 08/13/2013 1 10/03/2013 Books  
    Library of Congress Classification   Luxembourg Library Luxembourg Library International Baccalaureate Section 06/25/2013 1 D 727 .W729 2007 17512 09/12/2022 2 06/25/2013 Books 09/05/2022

The age of the dictators :

APA

Williamson D. G., . (2007). The age of the dictators. Harlow ; New York: Pearson Longman.

Chicago

Williamson David G, . 2007. The age of the dictators. Harlow ; New York: Pearson Longman.

Harvard

Williamson D. G., . (2007). The age of the dictators. Harlow ; New York: Pearson Longman.

MLA

Williamson David G, . The age of the dictators. Harlow ; New York: Pearson Longman. 2007.

  • Place hold
  • Print
  • Cite
  • Add to your cart (remove)
  • Save record
    BIBTEX Dublin Core MARCXML MARC (non-Unicode/MARC-8) MARC (Unicode/UTF-8) MARC (Unicode/UTF-8, Standard) MODS (XML) RIS
  • More searches
    Search for this title in:
    Other Libraries (WorldCat) Other Databases (Google Scholar) Online Stores (Bookfinder.com) Open Library (openlibrary.org)

Exporting to Dublin Core...

SOUTHVILLE LIBRARY

Southville International School and Colleges Library

1281 Tropical Ave. Cor. Luxembourg St., BF Homes International, Las Pinas City

Tel. No. 8256374 / 252358 Loc. 117/146

Powered by Koha